| 000 | 01566nam0a2200349 4500 | ||
|---|---|---|---|
| 001 | RU\NLR\bibl\254847 | ||
| 005 | 20250620124114.0 | ||
| 021 |
_aRU _b2001-48710 _92348 |
||
| 035 | _a(NLR Aleph) 000250617 | ||
| 090 |
_a1462273 _c1462273 |
||
| 100 | _a20020204d2000 |||y0rusy50 ca | ||
| 101 | 0 | _arus | |
| 102 | _aRU | ||
| 105 | _aa ||||||||| | ||
| 200 | 1 |
_aТеоретические основы расчета сенсорных систем _eУчеб. пособие _e[Для инженер. специальностей] _fГ. А. Сулин _gМ-во образования Рос. Федерации, Балт. гос. техн. ун-т "Военмех" |
|
| 210 |
_aСПб. _cБГТУ _d2000 |
||
| 215 |
_a64,[1] с. _cил. _d21 |
||
| 320 | _aБиблиогр.: с. 60 | ||
| 606 | 0 |
_aБоевые припасы _jРуководства, пособия и т.п. для высшей школы _xСенсорные системы _92103872 _3RU\NLR\auth\661272104 |
|
| 606 | 0 |
_aБоеприпасы _jУчебные издания для высшей школы _xСенсорные системы _92103869 _3RU\NLR\auth\661272102 |
|
| 606 | 0 | _aБоеприпасы - Сенсоры | |
| 675 |
_a623.454.254(075.8) _v3 _zrus |
||
| 686 |
_a78.25 _2rugasnti |
||
| 686 |
_a68.8я73 _2rubbk |
||
| 686 | _aЦ902я73-1 | ||
| 700 | 1 |
_aСулин _bГ. А. _gГеоргий Александрович _4070 |
|
| 801 | 0 |
_aRU _bRKP _c20020204 _gPSBO |
|
| 801 | 1 |
_aRU _bRKP _c20020204 |
|
| 801 | 2 |
_aRU _bNLR _c20020517 _grcr |
|
| 942 | _cBOOK | ||
| 980 | _aNB | ||